Responses for Show #1961 - Monday, March 1, 1993

Contestants

[<< previous game]

Bill Roche, a junior high school teacher from Ashland, Montana

Robin Leidner, a sociologist from Philadelphia, Pennsylvania

Susie Macksey, a stand-up comic from Cambridge, Massachusetts (whose 3-day cash winnings total $27,100)

[next game >>]

Jeopardy! Round responses

FISH
BUSINESS & INDUSTRY
CARDS
MUSICAL THEATRE
BIOGRAPHIES
CLICHES
(Alex: I hate cliches. They're not my cup of tea.)
    $100 16
a trout

Susie
    $100 18
CNN

Susie
    $100 26
trey

Susie
    $100 1
the Marx brothers

Bill
    $100 11
Mark Twain

Robin
    $100 6
see

Robin
    $200 17
the goldfish

Robin
    $200 19
Hertz

Robin
    $200 27
the Jack

Susie
    $200 2
Damn Yankees

Susie
    $200 12
Bruce Springsteen

Susie
    $200 7
the bud

Robin
    $300 22
cod

Bill
    $300 20
Douglas

Robin
    $300 28
(Robin: What is 104?)

48

Robin
Triple Stumper
    $300 3
Annie

Susie
    $300 13
Hamilton

Susie
    $300 8
down

Robin
    $400 23
the tuna

Susie
    $400 21
(Susie: What is Switzerland?)

Germany

SusieBill
    $400 29
(Bill: What is 10?)
(Robin: What is 11?)

0

RobinBill
Triple Stumper
    $400 4
"Hello, Dolly!"

Susie
    $1,000 14
(Susie: Who is Mozart?)
(Alex: Oh, no. Albert Schweitzer was very big on [*] and was very good at playing [*]'s works on the organ.)

Johann Sebastian Bach

Susie
    $400 9
a broom

Robin
    $500 25
the barracuda

Susie
    $500 24
Reader's Digest

Susie
    $500 30
eagles

Robin
    $500 5
Carousel

Robin
    $500 15
Queen Elizabeth & Princess Margaret

Triple Stumper
    $500 10
my dog

Susie

Scores at the first commercial break (after clue 14):

Susie Robin Bill
$900 $1,600 $100

Scores at the end of the Jeopardy! Round:

Susie Robin Bill
$2,400 $2,100 $400

Double Jeopardy! Round responses

THE 1930s
AMERICAN LITERATURE
WORLD FACTS
SCIENCE
MYTHOLOGY
TOWER OF LONDON PRISONERS
(Alex: And a rather narrow category, [*]. Remember, I hate cliches.)
    $200 1
a dime

Susie
    $200 2
The Red Badge of Courage

Susie
    $200 11
Sicily

Bill
    $200 16
the melting point

Bill
    $200 18
Hercules

Susie
    $200 25
Anne Boleyn

Susie
    $400 7
the Pacific Ocean

Bill
    $400 3
Hemingway

Susie
    $400 12
the Rosetta Stone

Robin
    $400 17
X-rays

Susie
    $400 19
an eye

Susie
    $400 26
Elizabeth I

Robin
    $600 8
Bernadette

Susie
    $600 4
The Good Earth

Susie
    $600 13
Pitcairn Island

Bill
    $600 22
optics

Bill
    $600 20
Crete

Bill
    $600 27
Lady Jane Grey

Robin
    $800 9
(Bill: What is Slovakia?)
(Robin: What is Austria?)

Czechoslovakia

SusieRobinBill
    $800 5
Melville

Robin
    $800 14
Vietnam

Bill
    $800 23
tin

Bill
    $800 21
(Susie: What is Kauai?)

Maui

Susie
Triple Stumper
    $800 28
Sir Walter Raleigh

Triple Stumper
    $1000 10
a heart

Bill
    $1,000 6
(Edgar Lee) Masters

Robin
    $2,000 15
Sunday

Bill
    $1000 24
(Alex: We have less than a minute to go.)

electrolytes

Triple Stumper
    $1000 29
Thebes

Susie
    $1000 30
(Susie: Who was Speer?)
(Bill: What is Spandau?)
...
(Alex: Remember, he parachuted into Great Britain and was kept in the tower for a few days.)

Rudolf Hess

SusieBill
Triple Stumper

Scores at the end of the Double Jeopardy! Round:

Susie Robin Bill
$5,600 $4,500 $5,800

[wagering suggestions for these scores]

Final Jeopardy! Round responses

U.S. CITIES
(Alex: Yes, used to be C-L-E-A-V-E-L-A-N-D.)
RobinWhat is Cleveland?
$4,000
SusieWhat is Akron?
$5,500
BillWhat is Akron?
$5,600
Cleveland

Final scores:

Susie Robin Bill
$100 $8,500 $200
3rd place: Busnell binoculars + Wheel of Fortune & Jeopardy! for the Super Nintendo Entertainment System & Sega Genesis New champion: $8,500 2nd place: trip on Delta to Puerto Vallarta & stay at the Krystal Vallarta

Game dynamics:

Coryat scores:

Susie Robin Bill
$6,600 $4,500 $4,800
24 R,
4 W
(including 1 DD)
15 R
(including 1 DD),
3 W
13 R
(including 1 DD),
3 W

Combined Coryat: $15,900

[game clues] [game scores] [suggest correction]

Game tape date: 1992-11-10
The J! Archive is created by fans, for fans. Scraping, republication, monetization, and malicious use prohibited; this site may use cookies and collect identifying information. See terms. The Jeopardy! game show and all elements thereof, including but not limited to copyright and trademark thereto, are the property of Jeopardy Productions, Inc. and are protected under law. This website is not affiliated with, sponsored by, or operated by Jeopardy Productions, Inc. Join the discussion at JBoard.tv.